Central Library OPAC University of Rajshahi

An introduction to macroeconomic models / (Record no. 42863)

MARC details
000 -LEADER
fixed length control field 00771cam a22002531 4500
001 - CONTROL NUMBER
control field 42863
003 - CONTROL NUMBER IDENTIFIER
rucl marc code BD-RjUL
005 - DATE AND TIME OF LATEST TRANSACTION
control field 20211209053615.0
008 - FIXED-LENGTH DATA ELEMENTS--GENERAL INFORMATION
fixed length control field 160616s1968 nyua b 000 0 eng
035 ## - SYSTEM CONTROL NUMBER
System control number (BD-RjUL)42981
040 ## - CATALOGING SOURCE
Original cataloging agency DLC
Transcribing agency DLC
Modifying agency DLC
Language of cataloging eng
041 ## - LANGUAGE CODE
Language code of text/sound track or separate title eng
082 00 - DEWEY DECIMAL CLASSIFICATION NUMBER
Classification number 339.0184
Edition number 23
Author mark and year KOI 1968
100 1# - MAIN ENTRY--PERSONAL NAME
Personal name Kogiku, K. C.
Fuller form of name (Kiichirō Chris),
Dates associated with a name 1927-
9 (RLIN) 131674
245 13 - TITLE STATEMENT
Title An introduction to macroeconomic models /
Statement of responsibility, etc. [by] K. C. Kogiku.
260 ## - PUBLICATION, DISTRIBUTION, ETC. (IMPRINT)
Place of publication, distribution, etc. New York :
Name of publisher, distributor, etc. McGraw-Hill,
Date of publication, distribution, etc. 1968
300 ## - PHYSICAL DESCRIPTION
Pagination xii, 235 p. :
Illustrations ill. ;
Size 24 cm.
504 ## - BIBLIOGRAPHY, ETC. NOTE
Bibliography, etc Bibliography: p. [198]-205.
650 #0 - SUBJECT ADDED ENTRY--TOPICAL TERM
Topical term or geographic name as entry element Economics
General subdivision Mathematical models.
9 (RLIN) 131675
Topical term or geographic name as entry element Macroeconomics.
9 (RLIN) 118064
942 ## - ADDED ENTRY ELEMENTS (KOHA)
Source of classification or shelving scheme Dewey Decimal Classification
Koha item type Books
Holdings
Lost status Source of classification or shelving scheme Damaged status Not for loan Collection code Permanent Location Current Location Shelving location Date acquired Source of acquisition Total Checkouts Full call number Date last seen Copy number Koha item type
  Dewey Decimal Classification     Non-fiction Central Library, University of Rajshahi Central Library, University of Rajshahi   22/12/1970 Swets zeitlinger   339 KOI 1968 16/06/2016 C-2 Books